Statistiques concernant Anagrammes - Prénoms masculins - Série 02

Cliquez ici pour prendre le quiz!

Statistiques générales

  • Ce quiz a été pris 146 fois
  • Le résultat moyen est 7 sur 10

Statistiques - réponses

AnagrammePrénom% Correct
FRONCAISFrançois
95%
ATONALEAnatole
93%
FARCINSFrancis
88%
BORRETRobert
79%
NATURELLaurent
56%
COVATEOctave
54%
TRINCHAISChristian
52%
ALDINEDaniel
51%
CLONAISNicolas
48%
MARCIEUMaurice
43%

Distribution des résultats

Percentile par nombre de réponses

% des personnes avec chaque résultat

Votre développement - résultats

Vous n’avez pas pris ce quiz